Регионална библиотека "Любен Каравелов" - Русе

Операция "Хаос" (Запис номер 109416)

MARC детайли
000 -Лидер
Контролно поле с фиксирана дължина 01581nam a2200397 c 4500
003 - Код на организацията, давaща контролен номер
Контролно поле BLK
005 - Дата и час на последна редакция
Контролно поле 20240205100546.0
008 - Елементи от данни с фиксирана дължина
fixed length control field 180409b bul|||||r ||||||| ||bul||
010 ## - Наследен системен номер
LC control number KNG00114733000
020 ## - Международен стандартен номер на книга ISBN
Международен стандартен номер на книга ISBN 954-444-002-Х
040 ## - Източник на каталожния запис
Идентификатор на билиотеката - собственик на записа BLK
041 ## - Код за език
Код за езика на текст/звукозапис или на отделно заглавие Български
Код за езика КДБФ Български
080 ## - УДК
Текстов определител УДК Американска литература (на САЩ)
УДК код - определител по УДК 821.111(73)
УДК определител -312.9
УДК - код + определител 821.111(73)-312.9
100 1# - Редна дума - Автор
Автор Андерсън, Пол
Авторска отговорност първи автор
R(LIN) 265054
139 ## - Редно поле
Редна дума Андерсън, Пол
Авторски знак Анд - А 65
245 10 - Сведения за заглавието
Заглавие Операция "Хаос"
Подзаглавни данни Фантаст. роман : Кн. 1 - 2
Редно поле (дума) Пол Андерсън; прев. от англ. Весела Петрова; предг. от Росица Панайотова.
Том Кн. 1
257 ## - Страна на издаване
Страна на създаване/издаване Съединени американски щати
260 ## - Област на издателските данни
Място на издаване, разпространение и проч. София
Име на издателя, разпространителя и проч. Орфия
Година на издаване 1991 -
9 (RLIN) 209551
Издателство - префикс ISBN 954-444-
300 ## - Физическа характеристика
Размери/Мащаб 16 см
380 ## - Жанр
Жанр Худож. лит.
490 ## - СЕРИИ (Колекции)
Име на серия Фантастика
№: серия 002
9 (RLIN) 201187
500 ## - Общи забележки
Забележка Ориг. загл. Operation Chaos / Poul Anderson. - 50 000 тир.
653 ## - Ключова дума – ненормативна
Ключова дума фантастика
653 ## - Ключова дума – ненормативна
Ключова дума романи
700 1# - Други автори (авторска отговорност)
Лично име Петрова, Весела
Автороска отговорност (Описва отношението между автора и произведението) прев. от англ.
9 (RLIN) 363689
700 ## - Други автори (авторска отговорност)
Лично име Панайотова, Росица Христова
Дати, свързани с автора 1957-
9 (RLIN) 371242
760 1# - Описание на основната серия
Редна дума на основното описание Андерсън, Пол
Място на издаване, издател и година Орфия, 1991
Страници - том 160 с.
Заглавие Кн. 1
852 ## - Местоположение
Форматна сигнатура Цб І 25266
856 4# - Електронен адрес и достъп
Електронен формат pdf - файл
Инструкция (цена за достъп) 0.00
Права за достъп disable
856 4# - Електронен адрес и достъп
Електронен формат pdf - файл
Инструкция (цена за достъп) 0.00
Права за достъп disable
999 ## - СИСТЕМНИ КОНТРОЛНИ НОМЕРА
Koha biblionumber 109416
Koha biblioitemnumber 109416
942 ## - АРТИКУЛИ
Вид на библиотечния материал Книги
Скрит в OPAC Не
Периодичен библиозапис Да
944 ## - СЪЗДАВАНЕ И РЕДАКЦИЯ на ЗАПИСА
Създаване/Редакция Създаване
Дата на регистрацията/редакция 23.08.2004
Служител, извършил регистрацията/редакцията 30556
Статус, дата на статуса Теодора Пейчева-Дянкова
944 ## - СЪЗДАВАНЕ И РЕДАКЦИЯ на ЗАПИСА
Създаване/Редакция Редакция
Дата на регистрацията/редакция 11.06.2010
999 ## - СИСТЕМНИ КОНТРОЛНИ НОМЕРА
Koha biblioitemnumber 109416
999 ## - СИСТЕМНИ КОНТРОЛНИ НОМЕРА
Koha biblioitemnumber 109416
Наличности
Код за отписване Код за изгубен артикул Източник на класификационната схема Код за повреда Коз за рестрикции Код за отдаване Артикулен № Име на библиотеката - собственик Име на библиотеката, в която се намира в момента Статус (Текущо местоположение) Дата на вписване в системата Местоположение - отдел Цена в лева Инвентарен номер Систематично азбучна сигнатура Баркод Номер на екземпляра Цена в евро Служебна бележка Служебен тип на артикула
  Не е изгубен Universal Decimal Classification Не е повреден само за читалня ползва се в читалня 176241 Регионална библиотека "Любен Каравелов" Русе Регионална библиотека "Любен Каравелов" Русе Хранилище 1991-01-01 Хранилище 6.50 560167 Цб І 25266 120000560167 1 3.32 Дост: Dp Вид: Д N: стар фонд Дата: 01.01.1991 Книги
Изтеглен Не е изгубен Universal Decimal Classification Не е повреден без рестрикции заемане за дома 176242 Регионална библиотека "Любен Каравелов" Русе Регионална библиотека "Любен Каравелов" Русе Заемна - подръчен фонд 1991-01-01 Заемна - подръчен фонд 6.50 559842 П 820(73)-31/А 65 559842 2 3.32 Дост: Pk Вид: Ф N: стар фонд Дата: 01.01.1991 Книги
Изтеглен Не е изгубен Universal Decimal Classification Не е повреден без рестрикции заемане за дома 176243 Регионална библиотека "Любен Каравелов" Русе Регионална библиотека "Любен Каравелов" Русе Заемна - подръчен фонд 1991-01-01 Заемна - подръчен фонд 6.50 559843 П 820(73)-31/А 65 559843 3 3.32 Дост: Pk Вид: Ф N: стар фонд Дата: 01.01.1991 Книги
Vip Innovations Ltd, Rousse, Bulgaria 2025